Country Names Containing a Letter - RR - Statistics

General Stats
  • This quiz has been taken 142 times
  • The average score is 6 of 8
Answer Stats
Hint Answer % Correct
2 x R Democratic Republic of the Congo
92%
2 x R Federated States of Micronesia
81%
3 x R Central African Republic
80%
2 x R United Arab Emirates
73%
2 x R North Korea
72%
2 x R Eritrea
70%
2 x R Andorra
58%
2 x R Sierra Leone
55%
No matching quizzes found
Score Distribution
Percent of People with Each Score
Percentile by Number Answered
Your Score History
You have not taken this quiz